Umenie odpočívať

Vedieť správne odpočívať, využívať voľný čas či dovolenku ako predpoklad dobrej práce a vysokých výkonov v nej. Prevaha informácií o tom, ako byť čo najlepší v práci a nedostatok tých, ktoré sa zaoberajú umením odpočívať. Voľný čas ako problém či stres. Charakteristika dobrej dovolenky ako príležito...

Full description

Bibliographic Details
Main Author: Zelina, Miron, 1940- (Author)
Other Authors: Luky, Ján (440)
Format: Article
Language:Slovak

MARC

LEADER 00000nab a2200000 a 4500
001 vtls001512881
003 SK-MaSNL
005 20260303210737.0
008 050227s2003 xo 000 0 slo
035 |a SPKCL15208 
040 |a SPKCL  |b slo  |c SNKBUCL  |d SPK(EK)  |e AACR2 
041 |a slo 
044 |a xo  |c SK 
080 |a 379.8:613.7  |2 1981 
100 1 |a Zelina, Miron,  |d 1940-  |4 aut  |9 98638 
245 1 0 |a Umenie odpočívať  |c Miron Zelina; Ján Luky 
520 |a Vedieť správne odpočívať, využívať voľný čas či dovolenku ako predpoklad dobrej práce a vysokých výkonov v nej. Prevaha informácií o tom, ako byť čo najlepší v práci a nedostatok tých, ktoré sa zaoberajú umením odpočívať. Voľný čas ako problém či stres. Charakteristika dobrej dovolenky ako príležitosti znovuvytvorenia seba samého. 
700 1 1 |a Luky, Ján  |4 440  |9 11146 
773 1 |t Rodina a škola : Mesačník pre rodičov a učiteľov  |g Roč. 51, č. 6 (2003) s. 7 
850 |a Slovenská pedagogická knižnica Bratislava 
852 |a SPKCL  |b KIS3GCP  |b 000710000  |n SK 
999 |c 2201480  |d 2203410